000 00551nam a22001577a 4500
008 130626t xxu||||| |||| 00| 0 eng d
020 _a2-85952-912-8
040 _aBUAC
_cCDIRSP
041 _aFr
100 _aDerenne O, Lcucas A , Barthes R
_924846
245 _aManuel de gestion des ressources humaines dans la fonction publique hospitaliére
_b ; le développement des ressources humaines
_c / O DERENNE , A LUCAS , R BARTHES, et al
250 _a2 è Ed.
260 _aRennes :
_bEditions ENSP,
_c2005
300 _a444 p.
942 _cLIVR
999 _c51594
_d51594